ការគ្រប់គ្រងនិងអភិរក្សដី (Record no. 9435)
[ view plain ]
| 000 -LEADER | |
|---|---|
| fixed length control field | 00322nam a22001217a 4500 |
| 040 ## - CATALOGING SOURCE | |
| Transcribing agency | HS |
| 082 ## - DEWEY DECIMAL CLASSIFICATION NUMBER | |
| Classification number | 333 |
| 100 ## - MAIN ENTRY--AUTHOR NAME | |
| Personal name | វឹង សេដ្ឋា |
| 245 ## - TITLE STATEMENT | |
| Title | ការគ្រប់គ្រងនិងអភិរក្សដី |
| 260 ## - PUBLICATION, DISTRIBUTION, ETC. (IMPRINT) | |
| Place of publication | RUA |
| Name of publisher | វឹង សេដ្ឋា |
| Year of publication | 2011 |
| 300 ## - PHYSICAL DESCRIPTION | |
| Number of Pages | 45p; |
| 942 ## - ADDED ENTRY ELEMENTS (KOHA) | |
| Koha item type | សៀវភៅភាសាខ្មែរ |
| 952 ## - LOCATION AND ITEM INFORMATION (KOHA) | |
| Withdrawn status [LOCAL, KOHA] | 0 |
| 952 ## - LOCATION AND ITEM INFORMATION (KOHA) | |
| Withdrawn status [LOCAL, KOHA] | 0 |
| Permanent Location | Date acquired | Koha item type | Lost status | Shelving location | Barcode | Current Location | Full call number |
|---|---|---|---|---|---|---|---|
| Library Block C | 2016-09-01 | សៀវភៅភាសាខ្មែរ | C063 | RUA44113 | Library Block C | 333 វឹង 2011 C63 | |
| Library Block C | 2016-09-01 | សៀវភៅភាសាខ្មែរ | C063 | RUA41710 | Library Block C | 333 វឹង 2011 C63 |